Determining the Investors’ Strategy During the COVID-19 Crisis Based on the S&P 500 Stock Index

Analýza možnej návratnosti zvolenej investičnej stratégie na základe optimalizačného modelu výberu portfólia na základe miery rizika CVaR (Conditional Value at Risk) počas krízy Covid-19 a predkrízového obdobia. Vplyv krízy Covid-19 na rozhodovanie investorov prostredníctvom rizikového opatrenia CVa...

Descripción completa

Guardado en:
Detalles Bibliográficos
Autor principal: Pekár, Juraj, 1972-
Otros Autores: Brezina, Ivan, 1963-, Reiff, Marian, 1978-
Formato: Capítulo de libro
Lenguaje:inglés
Materias:
Etiquetas: Agregar Etiqueta
Sin Etiquetas, Sea el primero en etiquetar este registro!

MARC

LEADER 00000naa a2200000 4500
001 0304412
005 20241011080712.8
041 0 |a eng 
044 |a RS 
245 1 0 |a Determining the Investors’ Strategy During the COVID-19 Crisis Based on the S&P 500 Stock Index  |c Juraj Pekár, Ivan Brezina, Marian Reiff 
520 |a Analýza možnej návratnosti zvolenej investičnej stratégie na základe optimalizačného modelu výberu portfólia na základe miery rizika CVaR (Conditional Value at Risk) počas krízy Covid-19 a predkrízového obdobia. Vplyv krízy Covid-19 na rozhodovanie investorov prostredníctvom rizikového opatrenia CVaR, ktoré bolo implementované na historických údajoch komponentov akciového indexu Standard and Poor's 500 (S&P 500) v období krízy, ako aj v predkrízovom období. Prezentovaný prístup založený na meraní rizikovosti CVaR a príslušnom modeli výberu portfólia poskytuje investorovi efektívny nástroj na alokáciu finančných prostriedkov na finančnom trhu v jednotlivých segmentoch v oboch sledovaných obdobiach. 
610 2 0 |a stratégia investičná 
610 2 0 |a pandémia 
610 2 0 |a koronavírus 
610 2 0 |a indexy akciové 
610 2 0 |a modely 
610 2 0 |a návratnosť investícií 
610 2 0 |a portfólio 
610 2 0 |a riziko 
610 2 0 |a model Value at Risk 
100 1 |a Pekár, Juraj, 1972- 
700 1 |a Brezina, Ivan, 1963- 
700 1 |a Reiff, Marian, 1978-